000 00709nam a2200193 a 4500
005 20160827110412.0
008 140305b2001 CK |||||rm||| 00| 0 spa d
040 _aCO-BoIAVH
_cCO-BoIAVH
041 _aspa
_aspa
090 _aTE
_b0126
100 _aDavila Reyes, Daniel
245 _aEstructura y composición de dos bosques ubicados en la cuenca de la quebrada la Piscina, parque nacional natural la serranía de Chiribiquete, Caquetá, Colombia
260 _aBogotá
_bUniversidad de los Andes. Facultad de Ciencias
_c2001
300 _a64 Paginas
650 _aComposición florística
650 _aEstructura vegetal
650 _aIndices de diversidad
942 _cTESIS
_2z
_01
999 _c2482
_d2482